[Event "Espalion Op"]
[Site "Espalion (12)"]
[Date "2018.07.17"]
[Round "5.25"]
[White "Labarthe, Arnaud"]
[Black "Antos, Claude"]
[Result "1-0"]
[WhiteElo "1632"]
[BlackElo "1100"]
[PlyCount "49"]
[EventDate "2018.07.??"]
[EventType "swiss"]
[EventRounds "9"]
[EventCountry "FRA"]

1. d4 d5 2. Nc3 Nf6 3. Bg5 Bf5 4. e3 c6 5. Bxf6 gxf6 6. Bd3 Bxd3 7. Qxd3 Qb6 8.
O-O-O e6 9. Nge2 Na6 10. a3 c5 11. dxc5 Nxc5 12. Qd4 e5 13. Qxd5 Rd8 14. Qxd8+
Qxd8 15. Rxd8+ Kxd8 16. Rd1+ Kc8 17. b4 Na4 18. Nxa4 b5 19. Nac3 a6 20. Nd5 Bh6
21. Ng3 Rd8 22. Ne4 Kb7 23. Nc5+ Ka7 24. Ne7 Rc8 25. Nxc8+ 1-0

[Event "Espalion Op"]
[Site "Espalion (12)"]
[Date "2018.07.17"]
[Round "5.26"]
[White "Duvette, Michel"]
[Black "Callebaut, Giovanni"]
[Result "1/2-1/2"]
[WhiteElo "1520"]
[BlackElo "1616"]
[PlyCount "58"]
[EventDate "2018.07.??"]
[EventType "swiss"]
[EventRounds "9"]
[EventCountry "FRA"]

1. d4 Nf6 2. Bf4 d6 3. e3 Nbd7 4. h3 c6 5. Nf3 e5 6. dxe5 dxe5 7. Bh2 Qb6 8.
Qc1 Bd6 9. Nbd2 O-O 10. Nc4 Qc7 11. Nxd6 Qxd6 12. Qd2 Qe7 13. Bc4 b5 14. Bb3 a5
15. c3 Ne4 16. Qe2 Ba6 17. Bc2 b4 18. Bd3 Bxd3 19. Qxd3 Ndc5 20. Qc2 Rfd8 21.
O-O Nd3 22. Rad1 Nec5 23. Bg3 b3 24. axb3 Qe6 25. b4 axb4 26. cxb4 Nb3 27. Rxd3
Rxd3 28. Qxd3 e4 29. Qc2 exf3 1/2-1/2

[Event "Espalion Op"]
[Site "Espalion (12)"]
[Date "2018.07.17"]
[Round "5.27"]
[White "Auzolle, Laurent"]
[Black "Callebaut, Katia"]
[Result "0-1"]
[WhiteElo "1399"]
[BlackElo "1253"]
[PlyCount "58"]
[EventDate "2018.07.??"]
[EventType "swiss"]
[EventRounds "9"]
[EventCountry "FRA"]

1. e4 e5 2. Nf3 Nc6 3. d4 d5 4. dxe5 dxe4 5. Qxd8+ Nxd8 6. Nd4 Ne6 7. Be3 Bd7
8. Nc3 f5 9. Nxf5 g6 10. Ng3 Bg7 11. Ngxe4 Bxe5 12. Bd3 b6 13. O-O c5 14. Bd2
Bc6 15. Bc4 Nd4 16. Bd3 Ne7 17. f4 Bg7 18. Nd6+ Kd7 19. Nf7 Rhe8 20. Ng5 h5 21.
a4 Nef5 22. Bxf5+ gxf5 23. Rfe1 Nxc2 24. Rxe8 Rxe8 25. Rc1 Nb4 26. Rd1 Nd3 27.
Kf1 Nxb2 28. Re1 Rf8 29. Ne2 Bxa4 0-1

[Event "Espalion Op"]
[Site "Espalion (12)"]
[Date "2018.07.17"]
[Round "5.28"]
[White "Garde, Gilles"]
[Black "Vandekerckhove, Stefaan"]
[Result "1/2-1/2"]
[WhiteElo "1384"]
[BlackElo "1172"]
[PlyCount "70"]
[EventDate "2018.07.??"]
[EventType "swiss"]
[EventRounds "9"]
[EventCountry "FRA"]

1. d3 e5 2. g3 Nf6 3. Bg2 c6 4. Nf3 d6 5. Nbd2 Be7 6. O-O h6 7. b3 Bg4 8. Bb2
Nbd7 9. a4 O-O 10. Nc4 Bxf3 11. Bxf3 Qc7 12. Qd2 d5 13. Ne3 Rfe8 14. Nf5 Bd6
15. Bg2 Ng4 16. Rae1 Re6 17. Nxd6 Qxd6 18. e3 b6 19. Qc3 Ngf6 20. f4 Rae8 21.
fxe5 Qxe5 22. Qxe5 Nxe5 23. h3 Ned7 24. Rf3 a6 25. Kf2 Ne5 26. Bxe5 Rxe5 27. g4
b5 28. axb5 cxb5 29. Ra1 Rc8 30. Ra2 h5 31. gxh5 Nxh5 32. d4 Re6 33. Rf5 Nf6
34. Bxd5 Nxd5 35. Rxd5 Rce8 1/2-1/2

[Event "Espalion Op"]
[Site "Espalion (12)"]
[Date "2018.07.17"]
[Round "5.29"]
[White "Bessiere, Alain"]
[Black "Sanchez, Corentin"]
[Result "1/2-1/2"]
[WhiteElo "1330"]
[BlackElo "1199"]
[PlyCount "42"]
[EventDate "2018.07.??"]
[EventType "swiss"]
[EventRounds "9"]
[EventCountry "FRA"]

1. d4 d5 2. c4 dxc4 3. Qa4+ Bd7 4. Qxc4 Be6 5. Qa4+ c6 6. e4 Nd7 7. Qc2 Ngf6 8.
Bd3 g6 9. Ne2 Nh5 10. O-O Bg4 11. f3 Be6 12. d5 cxd5 13. exd5 Bxd5 14. Bb5 Be6
15. Rd1 Nhf6 16. Nf4 Bf5 17. Qa4 e5 18. Bxd7+ Bxd7 19. Rxd7 Nxd7 20. Nd5 Be7
21. Bh6 a6 1/2-1/2

[Event "Espalion Op"]
[Site "Espalion (12)"]
[Date "2018.07.18"]
[Round "6.1"]
[White "Kurayan, Ruslan"]
[Black "Gozzoli, Yannick"]
[Result "1/2-1/2"]
[WhiteElo "2366"]
[BlackElo "2587"]
[PlyCount "123"]
[EventDate "2018.07.??"]
[EventType "swiss"]
[EventRounds "9"]
[EventCountry "FRA"]

1. e4 e5 2. Nf3 Nc6 3. d4 exd4 4. Nxd4 Nf6 5. Nxc6 bxc6 6. e5 Qe7 7. Qe2 Nd5 8.
c4 Nb6 9. Nc3 Ba6 10. Qe4 f6 11. f4 fxe5 12. fxe5 Qe6 13. c5 Bxf1 14. cxb6 Bc4
15. bxc7 Rc8 16. Be3 Rxc7 17. b3 Bd5 18. Qd4 Bxg2 19. Rg1 c5 20. Nb5 Rc6 21.
Qc3 Be4 22. O-O-O c4 23. Kb2 h6 24. Nxa7 Ra6 25. Nb5 Kd8 26. bxc4 Ra4 27. Rd4
Bc6 28. Nd6 Kc7 29. Rgd1 Be7 30. Nb5+ Kb7 31. a3 Rha8 32. Nd6+ Kc7 33. Nb5+ Kd8
34. Rd6 Bxd6 35. Bb6+ Ke7 36. exd6+ Kf7 37. Nc7 Qxc4 38. Qxc4+ Rxc4 39. Nxa8
Bxa8 40. Kb3 Rh4 41. Rd2 Ke6 42. Bc5 Bd5+ 43. Kb2 g5 44. Re2+ Kf5 45. Rd2 Bc6
46. Kb3 h5 47. Bd4 Ke6 48. Bc5 Rf4 49. Bf2 h4 50. Kc3 Kf5 51. Be3 Ra4 52. Kb3
Re4 53. Bd4 Ke6 54. Bc5 Bd5+ 55. Kb2 Rc4 56. Be3 g4 57. Bf2 h3 58. Bg3 Re4 59.
Kc3 Ra4 60. Kb2 Re4 61. Kc3 Ra4 62. Kb2 1/2-1/2

[Event "Espalion Op"]
[Site "Espalion (12)"]
[Date "2018.07.18"]
[Round "6.2"]
[White "Stets, Dmitry"]
[Black "Peter, Sebastien"]
[Result "1-0"]
[WhiteElo "2383"]
[BlackElo "2229"]
[PlyCount "69"]
[EventDate "2018.07.??"]
[EventType "swiss"]
[EventRounds "9"]
[EventCountry "FRA"]

1. e4 e6 2. d4 d5 3. Nc3 Nf6 4. e5 Nfd7 5. f4 c5 6. Nf3 Nc6 7. Be3 a6 8. Qd2 b5
9. Be2 Be7 10. O-O O-O 11. Nd1 b4 12. c3 a5 13. Bf2 Ba6 14. Bxa6 Rxa6 15. f5
bxc3 16. bxc3 cxd4 17. cxd4 exf5 18. Ne3 Ndb8 19. Nxf5 Qd7 20. Qf4 Nb4 21.
Nxe7+ Qxe7 22. Bh4 Qc7 23. Rac1 Rc6 24. Rxc6 N4xc6 25. Ng5 Nd8 26. Qf5 g6 27.
Qh3 h6 28. Nf3 Qd7 29. Qg3 Ne6 30. Bf6 Kh7 31. Qh4 Qa4 32. Ng5+ Nxg5 33. Bxg5
Rh8 34. Bxh6 Kg8 35. Qd8+ 1-0

[Event "Espalion Op"]
[Site "Espalion (12)"]
[Date "2018.07.18"]
[Round "6.3"]
[White "Lanzani, Mario"]
[Black "Gerard, Nicolas"]
[Result "1/2-1/2"]
[WhiteElo "2280"]
[BlackElo "2183"]
[PlyCount "42"]
[EventDate "2018.07.??"]
[EventType "swiss"]
[EventRounds "9"]
[EventCountry "FRA"]

1. e4 c5 2. Nf3 d6 3. c3 Nf6 4. Be2 g6 5. O-O Bg7 6. Bb5+ Nc6 7. d4 O-O 8. d5
a6 9. Bd3 Na5 10. Nbd2 b5 11. Rb1 e6 12. c4 bxc4 13. Nxc4 exd5 14. exd5 Nxc4
15. Bxc4 Bf5 16. Ra1 Re8 17. a4 Nd7 18. a5 Ne5 19. Nxe5 Bxe5 20. Bd3 Qf6 21.
Bxf5 Qxf5 1/2-1/2

[Event "Espalion Op"]
[Site "Espalion (12)"]
[Date "2018.07.18"]
[Round "6.4"]
[White "Flear, Glenn C"]
[Black "Larcheveque, Francois"]
[Result "1-0"]
[WhiteElo "2451"]
[BlackElo "1980"]
[PlyCount "45"]
[EventDate "2018.07.??"]
[EventType "swiss"]
[EventRounds "9"]
[EventCountry "FRA"]

1. d4 d5 2. c4 e6 3. Nc3 Bb4 4. a3 Bxc3+ 5. bxc3 Ne7 6. e3 b6 7. Bd3 O-O 8. Ne2
dxc4 9. Bxc4 Ba6 10. Bxa6 Nxa6 11. e4 c5 12. O-O Nb8 13. Be3 Nd7 14. Qa4 Nf6
15. dxc5 Qd3 16. Ng3 b5 17. Qa6 Ng6 18. Rfd1 Qc4 19. h3 Ne5 20. Rab1 Rab8 21.
Rb4 Qxc3 22. Ne2 Qc2 23. Rd2 1-0

[Event "Espalion Op"]
[Site "Espalion (12)"]
[Date "2018.07.18"]
[Round "6.5"]
[White "Pass, Deborah J"]
[Black "Kosten, Anthony C"]
[Result "1/2-1/2"]
[WhiteElo "1951"]
[BlackElo "2439"]
[PlyCount "100"]
[EventDate "2018.07.??"]
[EventType "swiss"]
[EventRounds "9"]
[EventCountry "FRA"]

1. e4 e5 2. Nf3 Nc6 3. Bc4 Nf6 4. Ng5 d5 5. exd5 Na5 6. Bb5+ Bd7 7. Qe2 Be7 8.
Nc3 Bxb5 9. Qxb5+ c6 10. dxc6 Nxc6 11. Nf3 Qc7 12. d4 e4 13. Ne5 O-O 14. Nxc6
bxc6 15. Qe2 Qb6 16. O-O Qxd4 17. Rd1 Qe5 18. Be3 Rfe8 19. Rd2 h5 20. Bd4 Qf5
21. Rad1 Bc5 22. Bxc5 Qxc5 23. Rd4 Qe5 24. h3 Rab8 25. b4 Rbc8 26. Qe3 c5 27.
bxc5 Qxc5 28. Nxe4 Nxe4 29. Rxe4 Qxe3 30. Rxe3 Rxe3 31. fxe3 Rxc2 32. Rd8+ Kh7
33. Rd7 Rxa2 34. Rxf7 Kg6 35. Rc7 Kf6 36. e4 g6 37. Rc6+ Kg5 38. e5 a5 39. e6
a4 40. e7 Re2 41. Ra6 Rxe7 42. Rxa4 Re6 43. Rb4 Kf6 44. Kf2 g5 45. Rc4 Re5 46.
Rc6+ Kf5 47. Rc4 Ra5 48. Rb4 Ra2+ 49. Kf3 Ra3+ 50. Kf2 Ra2+ 1/2-1/2

[Event "Espalion Op"]
[Site "Espalion (12)"]
[Date "2018.07.18"]
[Round "6.6"]
[White "Lagunes, Jean-Renaud"]
[Black "Menard, Baptiste"]
[Result "0-1"]
[WhiteElo "1943"]
[BlackElo "2184"]
[PlyCount "114"]
[EventDate "2018.07.??"]
[EventType "swiss"]
[EventRounds "9"]
[EventCountry "FRA"]

1. e4 g6 2. d4 Bg7 3. Nf3 d6 4. h3 Nf6 5. Nc3 O-O 6. Be3 Nc6 7. Qd2 e5 8. d5
Ne7 9. Bh6 Bd7 10. a4 c6 11. Bc4 cxd5 12. Bxg7 Kxg7 13. Bxd5 Nexd5 14. exd5 Qb6
15. O-O Rac8 16. Ra3 Rc4 17. Rb3 Qc7 18. Ra1 b6 19. Kh2 Qc5 20. g3 e4 21. Nh4
Re8 22. Ng2 Rd4 23. Qe2 Nxd5 24. Ne3 Nxe3 25. fxe3 Rb4 26. Raa3 Rxb3 27. Rxb3
Re5 28. Nb5 Rh5 29. h4 Qe5 30. Kg2 Qe6 31. Kg1 Qh3 32. Qg2 Qxg2+ 33. Kxg2 Bxb5
34. axb5 Rc5 35. c3 Kf6 36. g4 h5 37. g5+ Kf5 38. Kg3 Rd5 39. Ra3 Rxb5 40. Rxa7
Ke6 41. b4 Rf5 42. Rb7 Rf3+ 43. Kg2 Rxe3 44. c4 Rc3 45. b5 Rxc4 46. Rxb6 e3 47.
Rb8 Rxh4 48. b6 Rb4 49. b7 Kf5 50. Kf3 Rb3 51. Ke2 Kxg5 52. Kd1 Kg4 53. Ke2 g5
54. Kd1 f5 55. Ke2 f4 56. Kf1 f3 57. Kg1 Kg3 0-1

[Event "Espalion Op"]
[Site "Espalion (12)"]
[Date "2018.07.18"]
[Round "6.7"]
[White "Carton, Patrick"]
[Black "Martinez, Felicien"]
[Result "1-0"]
[WhiteElo "2189"]
[BlackElo "1766"]
[PlyCount "67"]
[EventDate "2018.07.??"]
[EventType "swiss"]
[EventRounds "9"]
[EventCountry "FRA"]

1. Nf3 Nf6 2. g3 g6 3. Bg2 Bg7 4. O-O d6 5. c4 O-O 6. Nc3 c5 7. d3 Nc6 8. Rb1
Rb8 9. a3 Bd7 10. b4 b6 11. Bd2 Qc8 12. Re1 h6 13. Qc2 Bh3 14. Nd5 Nxd5 15.
cxd5 Bxg2 16. Kxg2 Nd8 17. Rec1 Qd7 18. Bc3 f5 19. Bxg7 Kxg7 20. bxc5 dxc5 21.
Qb2+ Kh7 22. Rxc5 Nf7 23. Rb5 Nd6 24. Rb4 Rf6 25. Ne5 Qb7 26. Nc6 Rbf8 27. Qe5
Nc8 28. Nd4 Rd8 29. Nc6 Rdf8 30. f4 Rd6 31. d4 e6 32. Rc4 Qd7 33. Nb8 Qd8 34.
Rbc1 1-0

[Event "Espalion Op"]
[Site "Espalion (12)"]
[Date "2018.07.18"]
[Round "6.8"]
[White "Gaubert, Cedric"]
[Black "Flear, Christine"]
[Result "1/2-1/2"]
[WhiteElo "1797"]
[BlackElo "2083"]
[PlyCount "33"]
[EventDate "2018.07.??"]
[EventType "swiss"]
[EventRounds "9"]
[EventCountry "FRA"]

1. d4 Nf6 2. Bf4 g6 3. e3 Bg7 4. Nf3 d6 5. h3 O-O 6. Be2 c5 7. Nbd2 Nc6 8. c3
cxd4 9. cxd4 Bf5 10. O-O h6 11. g4 Bd7 12. e4 h5 13. d5 hxg4 14. hxg4 Nxg4 15.
dxc6 bxc6 16. Rb1 Rb8 17. Qc2 1/2-1/2

[Event "Espalion Op"]
[Site "Espalion (12)"]
[Date "2018.07.18"]
[Round "6.9"]
[White "Pascot, Jean"]
[Black "Grichkevitch, Gilles"]
[Result "0-1"]
[WhiteElo "1796"]
[BlackElo "1964"]
[PlyCount "74"]
[EventDate "2018.07.??"]
[EventType "swiss"]
[EventRounds "9"]
[EventCountry "FRA"]

1. e4 c5 2. c3 Nf6 3. e5 Nd5 4. d4 cxd4 5. Bc4 Qc7 6. Qe2 Nb6 7. Bb3 d3 8. Qxd3
Qxe5+ 9. Ne2 Na6 10. Bf4 Qf6 11. Qe3 d6 12. Nd2 Nc5 13. Bc2 Nd5 14. Qf3 Nxf4
15. Nxf4 Bd7 16. O-O-O g5 17. Nd5 Qxf3 18. Nxf3 Ne6 19. Rhe1 O-O-O 20. Nd4 Nxd4
21. Rxd4 e6 22. Rc4+ Kb8 23. Nf6 Bc6 24. f3 h5 25. Nh7 Bh6 26. Kb1 d5 27. Rb4
a5 28. Rd4 Bg7 29. Rdd1 g4 30. Ng5 Rd7 31. f4 b5 32. Re2 Rhd8 33. Red2 Rb7 34.
g3 b4 35. c4 a4 36. cxd5 exd5 37. Ne4 b3 0-1

[Event "Espalion Op"]
[Site "Espalion (12)"]
[Date "2018.07.18"]
[Round "6.10"]
[White "Joli, Laurent"]
[Black "Duffau, Pascal"]
[Result "1/2-1/2"]
[WhiteElo "1793"]
[BlackElo "1952"]
[PlyCount "44"]
[EventDate "2018.07.??"]
[EventType "swiss"]
[EventRounds "9"]
[EventCountry "FRA"]

1. e4 e6 2. Nc3 d5 3. exd5 exd5 4. d4 Nf6 5. Bd3 Be7 6. Nce2 O-O 7. h3 Re8 8.
Nf3 Nbd7 9. O-O Nf8 10. Be3 Ne6 11. c3 g6 12. Re1 Ng7 13. Bf4 Bf5 14. Ng3 Bxd3
15. Qxd3 c6 16. Re2 Ngh5 17. Nxh5 Nxh5 18. Bh2 Bf6 19. Rae1 Qd7 20. Ne5 Bxe5
21. Bxe5 Ng7 22. Bxg7 Kxg7 1/2-1/2

[Event "Espalion Op"]
[Site "Espalion (12)"]
[Date "2018.07.18"]
[Round "6.11"]
[White "Flaujac, Benoit"]
[Black "Griggio, Jean-Paul"]
[Result "1/2-1/2"]
[WhiteElo "1902"]
[BlackElo "1752"]
[PlyCount "65"]
[EventDate "2018.07.??"]
[EventType "swiss"]
[EventRounds "9"]
[EventCountry "FRA"]

1. e4 e5 2. Nf3 Nc6 3. d4 exd4 4. Bc4 Be7 5. c3 d6 6. cxd4 Nf6 7. Nc3 O-O 8. h3
Nxe4 9. Nxe4 d5 10. Bd3 dxe4 11. Bxe4 Bb4+ 12. Kf1 Re8 13. Qd3 g6 14. Bg5 Be7
15. Bxc6 bxc6 16. Bxe7 Rxe7 17. Kg1 Bf5 18. Qc3 Be4 19. Ne5 Qd6 20. f3 Bd5 21.
Kf2 c5 22. Rhe1 cxd4 23. Qxd4 Rae8 24. Ng4 Rxe1 25. Nh6+ Kf8 26. Qh8+ Ke7 27.
Rxe1+ Be6 28. Qc3 Rd8 29. Re2 Qb6+ 30. Kg3 Qd6+ 31. Kf2 Qb6+ 32. Kg3 Qd6+ 33.
Kf2 1/2-1/2

[Event "Espalion Op"]
[Site "Espalion (12)"]
[Date "2018.07.18"]
[Round "6.12"]
[White "Veschambre, Antoine"]
[Black "Lagunes, Robin"]
[Result "0-1"]
[WhiteElo "1730"]
[BlackElo "1857"]
[PlyCount "62"]
[EventDate "2018.07.??"]
[EventType "swiss"]
[EventRounds "9"]
[EventCountry "FRA"]

1. e4 c6 2. c4 d5 3. cxd5 cxd5 4. exd5 Nf6 5. Bb5+ Bd7 6. Bc4 Qc7 7. Bb3 Na6 8.
d4 Nb4 9. Nc3 Bf5 10. Nf3 Nd3+ 11. Kf1 Nf4 12. Ne5 Ng6 13. Nxf7 Rg8 14. Ng5
O-O-O 15. d6 exd6 16. Bxg8 Nxg8 17. Qb3 Bd3+ 18. Kg1 Bc4 19. Ne6 Re8 20. Be3
Rxe6 21. Qa4 Qc6 22. Qxc6+ bxc6 23. d5 cxd5 24. Bxa7 Nf6 25. f3 Nf4 26. b3 Ba6
27. Kf2 Nd3+ 28. Kg3 Nh5+ 29. Kh4 Be7+ 30. Kxh5 Re5+ 31. Kg4 Rg5+ 0-1

[Event "Espalion Op"]
[Site "Espalion (12)"]
[Date "2018.07.18"]
[Round "6.13"]
[White "Tholey, Jean-Paul"]
[Black "Carno, Matthias"]
[Result "1-0"]
[WhiteElo "1815"]
[BlackElo "1783"]
[PlyCount "55"]
[EventDate "2018.07.??"]
[EventType "swiss"]
[EventRounds "9"]
[EventCountry "FRA"]

1. d4 g6 2. c4 Bg7 3. Nc3 d6 4. e4 Nf6 5. f3 O-O 6. Be3 Nc6 7. Nge2 e5 8. Qd2
exd4 9. Nxd4 Nxd4 10. Bxd4 Nd7 11. Be2 Re8 12. O-O Ne5 13. Rfd1 Nc6 14. Bxg7
Kxg7 15. Qf4 Ne5 16. c5 Qe7 17. cxd6 cxd6 18. Nd5 Qd8 19. Rac1 Rf8 20. Nc7 Rb8
21. Nb5 Qb6+ 22. Kh1 Rd8 23. Rxd6 Rxd6 24. Qxe5+ Rf6 25. Qxb8 Qf2 26. Nc3 Rc6
27. Qg3 Qe3 28. Qe1 1-0

[Event "Espalion Op"]
[Site "Espalion (12)"]
[Date "2018.07.18"]
[Round "6.14"]
[White "Baroyan, Davit"]
[Black "Hadamard, Olivier"]
[Result "1-0"]
[WhiteElo "2049"]
[BlackElo "1776"]
[PlyCount "61"]
[EventDate "2018.07.??"]
[EventType "swiss"]
[EventRounds "9"]
[EventCountry "FRA"]

1. d4 d5 2. Nf3 Nf6 3. c4 c6 4. g3 e6 5. Bg2 Bd6 6. O-O O-O 7. Nc3 Nbd7 8. c5
Bc7 9. Bf4 Bxf4 10. gxf4 b6 11. b4 bxc5 12. bxc5 Qc7 13. e3 h6 14. Qa4 Nh7 15.
Bh3 f5 16. Rfb1 Kh8 17. Rb2 g5 18. Ne5 Nxe5 19. dxe5 gxf4 20. exf4 Rg8+ 21. Kh1
Nf8 22. Ne2 Ng6 23. Rab1 Rg7 24. Ng3 Rd7 25. Nh5 d4 26. Rg1 Nh4 27. Nf6 Rd8 28.
Qb3 d3 29. Qxd3 Qe7 30. Qg3 Bb7 31. Qxh4 1-0

[Event "Espalion Op"]
[Site "Espalion (12)"]
[Date "2018.07.18"]
[Round "6.15"]
[White "Verat-Fayolle, Celian"]
[Black "Mourgues, Joelle"]
[Result "1-0"]
[WhiteElo "1759"]
[BlackElo "1580"]
[PlyCount "45"]
[EventDate "2018.07.??"]
[EventType "swiss"]
[EventRounds "9"]
[EventCountry "FRA"]

1. e4 d6 2. d4 Nf6 3. Nc3 Nbd7 4. Nf3 g6 5. Bc4 Bg7 6. Bxf7+ Kxf7 7. Ng5+ Kg8
8. Ne6 Qe8 9. Nxc7 Qd8 10. Nxa8 b6 11. e5 Nh5 12. g4 Bb7 13. O-O Qxa8 14. gxh5
Bf3 15. Qd3 dxe5 16. Re1 Bf6 17. hxg6 Kg7 18. Ne4 Bh5 19. Nxf6 exf6 20. Qf5 Qf3
21. Qxd7+ Kxg6 22. dxe5 Bg4 23. Qd3+ 1-0

[Event "Espalion Op"]
[Site "Espalion (12)"]
[Date "2018.07.18"]
[Round "6.16"]
[White "Martinez, Philippe"]
[Black "Malart, Jacques"]
[Result "1/2-1/2"]
[WhiteElo "1506"]
[BlackElo "1735"]
[PlyCount "121"]
[EventDate "2018.07.??"]
[EventType "swiss"]
[EventRounds "9"]
[EventCountry "FRA"]

1. e4 e5 2. Nf3 Nc6 3. Bc4 Nf6 4. d3 h6 5. c3 Bc5 6. O-O d5 7. exd5 Nxd5 8. Re1
f6 9. d4 Nb6 10. Bd3 Bd6 11. dxe5 fxe5 12. Bg6+ Kf8 13. Nxe5 Qf6 14. Nxc6 Qxg6
15. Qf3+ Kg8 16. Ne7+ Bxe7 17. Rxe7 c6 18. Re1 Bg4 19. Qg3 Kh7 20. h3 Bf5 21.
Qxg6+ Bxg6 22. Bf4 Rhe8 23. Nd2 Rad8 24. Nf3 Nd5 25. Be5 Nb6 26. Bd4 Nc8 27.
Ne5 Bf5 28. Re3 Rd5 29. Nf3 Red8 30. Re5 Rxe5 31. Bxe5 Be4 32. Nd4 c5 33. Nb3
c4 34. Nd4 Nb6 35. b3 Bd3 36. Re1 Re8 37. f4 Nd5 38. Nf3 b5 39. g3 a5 40. Kf2
Bc2 41. bxc4 bxc4 42. Bd4 Rb8 43. Re5 Rb2 44. Ke1 Rb5 45. Nh4 a4 46. Nf5 Nxc3
47. Bxc3 Rxe5+ 48. Bxe5 Bxf5 49. a3 Bxh3 50. Kd2 Kg6 51. Kc3 Be6 52. Kb4 c3 53.
Kxc3 Kf7 54. Kd4 g6 55. Ke3 Bg4 56. Kf2 Ke6 57. Ke3 Kf5 58. Kf2 h5 59. Bb8 Bh3
60. Bd6 Ke4 61. Be7 1/2-1/2

[Event "Espalion Op"]
[Site "Espalion (12)"]
[Date "2018.07.18"]
[Round "6.17"]
[White "Rabier, Jean"]
[Black "Daude, Alexandre"]
[Result "1-0"]
[WhiteElo "1732"]
[BlackElo "1352"]
[PlyCount "79"]
[EventDate "2018.07.??"]
[EventType "swiss"]
[EventRounds "9"]
[EventCountry "FRA"]

1. e4 e6 2. Nf3 d5 3. Nc3 Nc6 4. exd5 exd5 5. d4 Bf5 6. Bd3 Bxd3 7. Qxd3 Bb4 8.
O-O Nge7 9. Ne2 O-O 10. c3 Bd6 11. b4 a6 12. h4 b5 13. Ng5 g6 14. Nf3 Rb8 15.
Bh6 Re8 16. Bg5 Qd7 17. Ng3 a5 18. a3 Bxg3 19. fxg3 Nf5 20. Nh2 h6 21. Ng4 Qd6
22. Nf6+ Kf8 23. Nxe8 Qxg3 24. Bxh6+ Kxe8 25. Rae1+ Kd8 26. Qxg3 Nxg3 27. Rxf7
Nf5 28. Bg5+ Kc8 29. Rf8+ Kb7 30. Rxb8+ Kxb8 31. Re6 Kb7 32. Rxg6 axb4 33. axb4
Ng3 34. Bd2 Ne4 35. Be1 Ne7 36. Re6 Nf5 37. g4 Ne3 38. g5 Nc2 39. Rxe4 dxe4 40.
Kf2 1-0

[Event "Espalion Op"]
[Site "Espalion (12)"]
[Date "2018.07.18"]
[Round "6.19"]
[White "Dewilde, Rudi"]
[Black "Labarthe, Arnaud"]
[Result "0-1"]
[WhiteElo "1272"]
[BlackElo "1632"]
[PlyCount "132"]
[EventDate "2018.07.??"]
[EventType "swiss"]
[EventRounds "9"]
[EventCountry "FRA"]

1. d4 Nf6 2. Bf4 d5 3. Nf3 Bf5 4. e3 e6 5. Bd3 Bb4+ 6. c3 Bxd3 7. Qxd3 Bd6 8.
Bg3 Nbd7 9. Nbd2 O-O 10. Bxd6 cxd6 11. O-O e5 12. e4 Re8 13. Rfe1 dxe4 14. Nxe4
Nxe4 15. Qxe4 Nf6 16. Qc2 e4 17. Nd2 d5 18. h3 Rc8 19. Rac1 Qd6 20. Re3 h6 21.
Nf1 Nh5 22. Ng3 Nf4 23. Qd1 Qg6 24. Qg4 Qxg4 25. hxg4 g6 26. Rc2 Re6 27. f3
Rce8 28. fxe4 dxe4 29. Rf2 Nd5 30. Ree2 b5 31. Nf1 e3 32. Rf3 Kg7 33. Kh2 Nf6
34. Kh3 Nd5 35. Kh2 Re4 36. Kg3 a6 37. a3 R8e6 38. Nh2 Nf6 39. Rf4 h5 40. Rxe4
Rxe4 41. Kf3 hxg4+ 42. Nxg4 Rxg4 43. Rxe3 Rg5 44. b3 Rf5+ 45. Kg3 Nd5 46. Rd3
Rg5+ 47. Kf3 Nb6 48. g3 f5 49. d5 Kf6 50. Kf4 Rg4+ 51. Kf3 Nd7 52. Kf2 Re4 53.
Kf3 g5 54. Rd4 g4+ 55. Kf2 Ke5 56. d6 Rxd4 57. cxd4+ Kxd4 58. Ke2 Kd5 59. Ke3
Kxd6 60. Kf4 Ke6 61. b4 Nb6 62. Ke3 Nc4+ 63. Kd4 Nxa3 64. Kc5 Nc2 65. Kb6 Nxb4
66. Ka5 Nd5 0-1

[Event "Espalion Op"]
[Site "Espalion (12)"]
[Date "2018.07.18"]
[Round "6.20"]
[White "Martin, Gerard"]
[Black "Baduel, Alain"]
[Result "0-1"]
[WhiteElo "1381"]
[BlackElo "1600"]
[PlyCount "102"]
[EventDate "2018.07.??"]
[EventType "swiss"]
[EventRounds "9"]
[EventCountry "FRA"]

1. d4 d5 2. c4 Nf6 3. Nc3 Nc6 4. e3 e6 5. a3 a6 6. Nf3 Bd6 7. c5 Be7 8. Bd3 b5
9. b4 O-O 10. Ne2 Nd7 11. Bb2 f6 12. Qc2 f5 13. Ne5 Ncxe5 14. dxe5 c6 15. Nf4
Nb8 16. Nh3 Qe8 17. g4 Qf7 18. Rg1 g6 19. g5 Bd8 20. Nf4 a5 21. h4 axb4 22.
axb4 Rxa1+ 23. Bxa1 Qa7 24. Kd2 Rf7 25. Bc3 Qa4 26. Ra1 Qxc2+ 27. Kxc2 Rb7 28.
Nh3 Kg7 29. Be2 h6 30. gxh6+ Kxh6 31. h5 gxh5 32. Nf4 h4 33. Rg1 Rg7 34. Rxg7
Kxg7 35. Nh3 Kg6 36. f4 Bd7 37. Be1 Na6 38. Kb3 Be8 39. Ng1 Kh6 40. Nf3 Bh5 41.
Kc3 h3 42. Bg3 Bg4 43. Bd1 Kh5 44. Be2 Bh4 45. Bxh4 Bxf3 46. Bxf3+ Kxh4 47. Kd3
Nxb4+ 48. Ke2 Na6 49. Bxd5 cxd5 50. c6 h2 51. Kf2 h1=Q 0-1

[Event "Espalion Op"]
[Site "Espalion (12)"]
[Date "2018.07.18"]
[Round "6.21"]
[White "Charlier, Antoine"]
[Black "Deceuninck, Andre"]
[Result "1-0"]
[WhiteElo "1259"]
[BlackElo "1570"]
[PlyCount "59"]
[EventDate "2018.07.??"]
[EventType "swiss"]
[EventRounds "9"]
[EventCountry "FRA"]

1. d4 Nf6 2. Nf3 e6 3. Bf4 d5 4. e3 Bd6 5. Bxd6 Qxd6 6. c4 b6 7. Nc3 O-O 8.
cxd5 exd5 9. Be2 a6 10. O-O Nbd7 11. Qd3 Re8 12. Rac1 Bb7 13. Nb1 Ne4 14. Nbd2
Ndf6 15. Qc2 Rac8 16. Nxe4 dxe4 17. Ne5 c5 18. Qb3 Re7 19. Nc4 Qd8 20. Qxb6
cxd4 21. exd4 Qd5 22. Qb4 Rec7 23. Nb6 Qg5 24. Nxc8 Rxc1 25. Qxb7 Rc2 26. Nd6
h6 27. Nxe4 Nxe4 28. Qxe4 Rxb2 29. Bd3 g6 30. Bc4 1-0

[Event "Espalion Op"]
[Site "Espalion (12)"]
[Date "2018.07.18"]
[Round "6.22"]
[White "Muller-Moingt, Bastien"]
[Black "Marie, Olivier"]
[Result "0-1"]
[WhiteElo "1007"]
[BlackElo "1544"]
[PlyCount "112"]
[EventDate "2018.07.??"]
[EventType "swiss"]
[EventRounds "9"]
[EventCountry "FRA"]

1. e4 e5 2. Nf3 Nf6 3. Nxe5 Qe7 4. Nf3 Qxe4+ 5. Be2 Bb4 6. Nc3 Bxc3 7. bxc3 d6
8. h3 b6 9. O-O Bb7 10. Re1 Kf8 11. Bd3 Qf4 12. Qe2 Nbd7 13. Qe3 Qxe3 14. Rxe3
Nc5 15. Bb2 Nd5 16. Re2 Nxd3 17. cxd3 Ba6 18. c4 Nb4 19. Ne1 h6 20. Bc3 Nc6 21.
Re3 Ne7 22. Rg3 Rg8 23. Nc2 g5 24. Ne3 f5 25. Nc2 f4 26. Rf3 Bb7 27. Ne1 Rg6
28. d4 Kg8 29. Rd3 Be4 30. d5 Bxd3 31. Nxd3 Nf5 32. g4 fxg3 33. fxg3 Nxg3 34.
Re1 Kf7 35. Re3 Nh5 36. Kf2 Re8 37. Rf3+ Kg8 38. Kg2 Re4 39. Nb2 Nf4+ 40. Kg3
h5 41. a4 Ne2+ 42. Kf2 g4 43. Re3 Nxc3 44. Rxc3 Kg7 45. Rg3 Kh6 46. d3 Rf6+ 47.
Kg2 Re2+ 48. Kh1 Rf1+ 49. Rg1 Rxg1+ 50. Kxg1 Rxb2 51. Kh1 Kg5 52. Kg1 Kf4 53.
Kf1 Ke3 54. Kg1 Kf3 55. Kh1 g3 56. Kg1 Rb1# 0-1

[Event "Espalion Op"]
[Site "Espalion (12)"]
[Date "2018.07.18"]
[Round "6.23"]
[White "Callebaut, Giovanni"]
[Black "Kosten-Forintos, Gyongyver"]
[Result "1/2-1/2"]
[WhiteElo "1616"]
[BlackElo "1685"]
[PlyCount "75"]
[EventDate "2018.07.??"]
[EventType "swiss"]
[EventRounds "9"]
[EventCountry "FRA"]

1. e4 d5 2. exd5 Qxd5 3. d4 c6 4. Nf3 Nf6 5. b3 Qa5+ 6. Nbd2 Bg4 7. Bc4 e6 8.
O-O Bd6 9. h3 Bh5 10. Qe1 Qc7 11. Ne5 O-O 12. f4 Nd5 13. Ne4 Bxe5 14. fxe5 Bg6
15. Bd3 Nd7 16. Ba3 Rfe8 17. Bd6 Qb6 18. Qf2 Ne7 19. g4 Qd8 20. Qh4 Bxe4 21.
Bxe4 Ng6 22. Qh5 Nf6 23. Rxf6 gxf6 24. Rf1 f5 25. gxf5 exf5 26. Qxf5 f6 27. c4
fxe5 28. Qf7+ Kh8 29. dxe5 Qg5+ 30. Kh2 Rxe5 31. Bxg6 Re2+ 32. Rf2 Rxf2+ 33.
Qxf2 hxg6 34. Bf4 Qf5 35. Qb2+ Kh7 36. Qd2 Rf8 37. Be3 a6 38. a4 1/2-1/2